Countries that Invaded Germany - Statistics

General Stats
  • This quiz has been taken 66 times
  • The average score is 5 of 7
Answer Stats
Year Country % Correct
1914 France
100%
1944 United States
98%
1914 United Kingdom
96%
1944 Soviet Union
89%
1914 Japan
55%
1914 Australia
47%
1916 Portugal
34%
No matching quizzes found
Score Distribution
Percent of People with Each Score
Percentile by Number Answered
Your Score History
You have not taken this quiz